Partes do corpo em inglês - Statistics

Estatísticas Gerais
  • Esse quiz foi jogado 864 vezes
  • A pontuação média é 23 de 48
Estatísticas das Respostas
Hint Resposta % Correto
Cabelo Hair
94%
Cabeça Head
92%
Olhos Eyes
91%
Mão Hand
90%
Boca Mouth
90%
Braço Arm
86%
Nariz Nose
86%
Rosto Face
83%
Foot
83%
Pés Feet
82%
Perna Leg
80%
Costas Back
76%
Lábios Lips
74%
Ouvido Ear
72%
Pescoço Neck
68%
Unha Nail
67%
Língua Tongue
67%
Joelho Knee
64%
Barriga Belly
62%
Ombro Shoulder
62%
Peito Chest
55%
Sobrancelha Eyebrow
49%
Bochecha Cheek
46%
Dedo do pé Toe
44%
Cílio Eyelash
41%
Seio Breast
36%
Testa Forehead
36%
Quadril Hip
35%
Queixo Chin
33%
Cotovelo Elbow
33%
Cintura Waist
32%
Antebraço Forearm
31%
Axila Armpit
28%
Pulso Wrist
28%
Coxa Thigh
27%
Dedo Polegar Thumb
26%
Tornozelo Ankle
25%
Umbigo Belly button
24%
Dedo Anelar Ring finger
23%
Pálpebra Eyelid
18%
Calcanhar Heel
16%
Dedo Mínimo Little finger
16%
Panturrilha Calf
13%
Dedo Indicador Index finger
12%
Canela Shin
11%
Nádegas Buttocks
10%
Tronco Torso
10%
Nuca Nape
9%
Nenhum quiz correspondente encontrado
Distribuição das Pontuações
Porcentagem de Pessoas com Cada Pontuação
Percentil de Números Respondidos
Sua Pontuação Histórica
Você não jogou esse quiz